| 000 | 00582nam a22001697a 4500 | ||
|---|---|---|---|
| 003 | OSt | ||
| 005 | 20250822074155.0 | ||
| 008 | 250822b |||||||| |||| 00| 0 eng d | ||
| 020 | _a0-7817-4887-9 | ||
| 040 | _cOC | ||
| 082 | _aCirc. 610.73 Il29 2002 | ||
| 245 | _aIllustrated manual of nursing practice | ||
| 260 |
_aPhiladelphia: _b Lippincott Williams & Wilkins, _c c2002. |
||
| 300 |
_axiii, 1490 pages : _b illustration ; _c 26 cm |
||
| 650 | _2Nursing hanbooks, Manuals | ||
| 942 |
_2ddc _cBK-CIRC _e3rd edition _hCirc. 610.73 Il29 2002 _kCirc. _n0 |
||
| 999 |
_c4205 _d4205 |
||